Dôchodkové systémy v procese integrácie do Európskej únie
Vymedzenie pojmu sociálneho zabezpečenia podľa konvencie Medzinárodnej organizácie práce z roku 1952. Demografické trendy v krajinách kandidujúcich na členstvo v EÚ. Predpokladaný vývoj populácie v krajinách uchádzajúcich sa o členstvo v EÚ. Financovanie dôchodkových systémov. Možnosti riešenia solv...
Saved in:
| Main Author: | |
|---|---|
| Format: | Book Chapter |
| Language: | Slovak |
| Subjects: | |
| Tags: |
No Tags, Be the first to tag this record!
|
MARC
| LEADER | 00000naa a2200000 4500 | ||
|---|---|---|---|
| 001 | r037217 | ||
| 005 | 20230918075911.4 | ||
| 041 | 0 | |a slo | |
| 044 | |a SK | ||
| 245 | 1 | 0 | |a Dôchodkové systémy v procese integrácie do Európskej únie |c Eva Rievajová |
| 520 | |a Vymedzenie pojmu sociálneho zabezpečenia podľa konvencie Medzinárodnej organizácie práce z roku 1952. Demografické trendy v krajinách kandidujúcich na členstvo v EÚ. Predpokladaný vývoj populácie v krajinách uchádzajúcich sa o členstvo v EÚ. Financovanie dôchodkových systémov. Možnosti riešenia solventnosti dôchodkových systémov. | ||
| 610 | 2 | 0 | |a zabezpečenie dôchodkové |
| 610 | 2 | 0 | |a zabezpečenie sociálne |
| 610 | 2 | 0 | |a demografia |
| 610 | 2 | 0 | |a vek produktívny |
| 610 | 2 | 0 | |a štruktúra obyvateľstva ekonomická |
| 610 | 2 | 0 | |a vývoj populačný |
| 610 | 2 | 0 | |a Slovensko |
| 610 | 2 | 0 | |a Európska únia |
| 100 | 1 | |a Rievajová, Eva | |